=LDR 00000nam 2200000 4500 =001 INLIS000000000037910 =005 20130612143621 =008 ***********************************Ind** =035 ##$$0010-061300000037910 =041 ##$$a Ind =082 ##$$a 611.12 =090 ##$$a 611.12, San j =100 ##$$a Sanif, Edial =245 ##$$a Jantung sehat hidup ceria, Edial Sanif =260 ##$$a 2010 $b jakarta =300 ##$$a 135 hlm, ilus, 20 cm =650 ##$$a Jantung =850 ##$$a NBPNMAT =990 ##$$a 0001/BPAP-NTB/20142014 =990 ##$$a 0001/BPAP-NTB/2016 =990 ##$$a 0001/BPAP-NTB/2016